Statistics for Breaking Bad Trivia #N

Click here to take the quiz!

General Stats

  • This quiz has been taken 41 times
  • The average score is 9 of 15

Answer Stats

HintAnswer% Correct
State where the show takes placeNew Mexico
100%
Walt Jr. relation to MarieNephew
89%
Walt is found __ in a super marketNaked
81%
Jack and is gang are __Nazis
81%
Los Pollos Hermanos has many locations including this stateNevada
81%
Hector lives in a __ until his deathNursing Home
74%
Walts hiding place after fleeing AlbuquerqueNew Hampshire
67%
Hanks actorDean Norris
63%
Mike takes this from Don Eladios bodyNecklace
52%
Song about Heisenberg and episode title, meaning "black and blue"Negro y Azul
52%
Jesse and Jane plan to go there with their newfound richnessNew Zealand
52%
Tucos henchmanNo-Doze
44%
To'hajiilee is an Reservation in the larger __ reservationNavajo
30%
Walts adressNegro Arroyo Lane
26%
Where he dictates this, to set a plot about Gus' death in motionNeed DEA
11%

Score Distribution

Percentile by Number Answered

Percent of People with Each Score

Your Score History

You have not taken this quiz